| 000 | 01321nam a2200313 i 4500 | ||
|---|---|---|---|
| 001 | bg | ||
| 100 | 1 | _aSokalska, Anna. | |
| 245 | 1 | 0 |
_aZabezpieczenia i izolacje : _b[instrukcja]. _nZ.9, _pNaprawy konstrukcji żelbetowych przy użyciu kompozytów z żywic syntetycznych / _cAnna Sokalska, Marian Suchan. |
| 260 |
_aWarszawa : _bInstytut Techniki Budowlanej, _c2006. |
||
| 300 |
_a18 s. ; _c24 cm. |
||
| 490 | 1 |
_aInstrukcje. Wytyczne. Poradniki / Instytut Techniki Budowlanej ; _aWarunki techniczne wykonania i odbioru robót budowlanych ; _v420/2006 _vCz. C |
|
| 490 | 1 |
_aWarunki techniczne wykonania i odbioru robót budowlanych ; _vCz. C |
|
| 650 | 9 |
_aKonstrukcje żelbetowe _xremont |
|
| 650 | 9 |
_aKompozyty _xstosowanie _xbudownictwo |
|
| 650 | 9 |
_aŻywice syntetyczne _xstosowanie _xbudownictwo |
|
| 655 | _aInstrukcje | ||
| 700 | 1 | _aSUCHAN, Marian. | |
| 830 |
_aInstrukcje. Wytyczne. Poradniki - Instytut Techniki Budowlanej ; _v420/2006 |
||
| 830 | _aWarunki techniczne wykonania i odbioru robót budowlanych ; | ||
| 020 | _a8373706607 (całość) | ||
| 020 | _a8324903178 (z. 9) | ||
| 040 | _cBPK | ||
| 041 | 0 | _apol | |
| 080 | _a699.8.059:624.012.45:678.6](083.1) | ||
| 920 | _a83-7370-660-7 (całość) | ||
| 920 | _a83-249-0317-8 (z. 9) | ||
| 942 | _cKS | ||
| 008 | s pl f |000 0 pol | ||
| 999 |
_c52257 _d52257 |
||
| 856 |
_uhttp://koha.tu.koszalin.pl/cgi-bin/koha/opac-detail.pl?biblionumber=52257 _yKatalog online BPK |
||